00293nam a2200121Ia 4500008004100000040001700041041001200058082001400070100001800084245002100102260003700123300001100160230917s9999||||xx |||||||||||||| ||und|| e125567aMAIN aEnglish aB G151A:G aKumar, B Arun 0aGandhian protest aJaipurbRawat Publicationsc2008 a214 p.